Sports Quiz

Random Sports or NFL Quiz
Score 0/44 Timer 07:00
19 Plays Today
Consecutive Awards (Years) Player % Correct
8 (1980-1987)Wayne Gretzky
90.1%
2 (1991-1992)Michael Jordan
89.7%
2 (2012-2013)LeBron James
86.9%
2 (2009-2010)LeBron James
82.4%
2 (1989-1990)Earvin 'Magic' Johnson
80.3%
2 (2003-2004)Peyton Manning
80.2%
2 (2008-2009)Peyton Manning
80.2%
4 (2001-2004)Barry Bonds
79.6%
2 (1992-1993)Barry Bonds
79.6%
3 (1984-1986)Larry Bird
78.9%
2 (2015-2016)Stephen Curry
77.6%
3 (1966-1968)Wilt Chamberlain
72.5%
3 (1961-1963)Bill Russell
65.9%
3 (1995-1997)Brett Favre
65.3%
2 (2008-2009)Albert Pujols
61.1%
2 (2005-2006)Steve Nash
60.2%
2 (1971-1972)Kareem Abdul-Jabbar
59.3%
2 (1976-1977)Kareem Abdul-Jabbar
59.3%
2 (1956-1957)Mickey Mantle
57.4%
2 (2002-2003)Tim Duncan
56%
2 (1989-1990)Joe Montana
53.9%
3 (1970-1972)Bobby Orr
50.8%
Consecutive Awards (Years) Player % Correct
2 (1982-1983)Moses Malone
48%
2 (2008-2009)Alexander Ovechkin
45%
2 (2012-2013)Miguel Cabrera
42.3%
2 (1952-1953)Gordie Howe
41.5%
2 (1957-1958)Gordie Howe
41.5%
2 (1960-1961)Roger Maris
38.6%
2 (1993-1994)Frank Thomas
37.1%
2 (1965-1966)Bobby Hull
35.5%
2 (1980-1981)Mike Schmidt
32.6%
2 (1954-1955)Yogi Berra
31.6%
2 (1957-1958)Jim Brown
29.2%
2 (1932-1933)Jimmie Foxx
26.9%
2 (1975-1976)Joe Morgan
25.8%
2 (1982-1983)Dale Murphy
18.8%
2 (1958-1959)Ernie Banks
16.3%
2 (1977-1978)Guy Lafleur
15.1%
2 (1997-1998)Dominik Hasek
15%
2 (1975-1976)Bobby Clarke
13.5%
2 (1967-1968)Stan Mikita
10.9%
2 (1944-1945)Hal Newhouser
9.3%
2 (1935-1936)Eddie Shore
6.3%
2 (1931-1932)Howie Morenz
4.7%

You're not logged in!

Compare scores with friends on all Sporcle quizzes.
OR
Log In

Sporcle TV

Today on Sporcle TV


Watch our educational content, quiz creation guides, and fun videos on Sporcle TV.

Show Comments

Extras

Top Quizzes Today


Score Distribution

Paid Content

Your Account Isn't Verified!

In order to create a playlist on Sporcle, you need to verify the email address you used during registration. Go to your Sporcle Settings to finish the process.

Report this User

Report this user for behavior that violates our Community Guidelines.

Details: